| 000 | 00753nam a22001937a 4500 | ||
|---|---|---|---|
| 999 |
_c62818 _d62818 |
||
| 003 | Ge_BSU | ||
| 005 | 20250304121352.0 | ||
| 008 | 250304s1984 ge ||||| |||| 00| 0 geo d | ||
| 041 | _ageo | ||
| 080 | _a616.12-005.8-08 ჭ-83 | ||
| 100 |
_aჭუმბურიძე, ირ. _924440 |
||
| 245 |
_aგულის კუნთის ინფარქტის მკურნალობა / _cირ. ჭუმბურიძე. |
||
| 264 |
_aთბ. : _b საბჭ. საქართველო, _c1984. |
||
| 300 |
_a75 გვ. ; _b17 სმ. |
||
| 653 | _aგულის კუნთის ინფარქტი | ||
| 653 | _aკარდიოლოგია | ||
| 653 | _aმედიცინა | ||
| 942 |
_2udc _cᲬᲘᲒᲜᲘ |
||